Statistics for All Ice Spice Songs

Click here to take the quiz!

General Stats

  • This quiz has been taken 470 times
    (12 since last reset)
  • The average score is 12 of 21

Answer Stats

AlbumSong% Correct
SingleBoy's a liar Pt. 2
100%
Like...?Deli
100%
Like...?Princess Diana
90%
SinglePrincess Diana
90%
Like...?Munch (Feelin' U)
80%
SingleThink U the Sh*t (Fart)
80%
Barbie: The AlbumBarbie World
70%
SingleGimmie A Light
60%
Like...?Bikini Bottom
50%
SingleBully Freestyle
40%
Like...?Butterfly Ku
40%
Like...?Gangsta Boo
40%
Like...?How High?
40%
Like...?In Ha Mood
40%
SingleName of Love
40%
SingleNo Clarity
40%
Like...?On the Radar
40%
SinglePretty Girl
40%
Like...?Actin a Smoochie
30%
SingleBe a Lady
30%
SingleEuphoric
30%

Score Distribution

Percentile by Number Answered

Percent of People with Each Score

Your Score History

You have not taken this quiz since the last reset